000 00381cam a2200157ua 4500
041 _aeng
_h
082 _a823.308
_bRIC/CL
100 _aRichardsen, Samuel .
245 _aClarissa /
_cSamuel Richardsen.
_hTextual Documents
260 _aLondon :
_bEverymans Library ,
_c1962.
300 _a523 ; .
504 _a
942 _cBK
999 _c4373
_d4373